Chile - True or False - Statistics

General Stats
  • This quiz has been taken 73 times
  • The average score is 6 of 9
Answer Stats
Question Answer % Correct
Chile has suffered from a massive 8.8-magnitude quake True
100%
Chile copied off of the Texas flag, the Texan flag is 21 years older than the Chile flag False
89%
There are no penguins in Chile False
89%
A 9.5 on the Richter scale - took place near Valdivia, Chile in 1960 True
89%
Chile has the biggest swimming pool in the world True
78%
Chileans are the second biggest consumers of bread in the world True
56%
Chile is actually the 2nd longest country in the world, behind Canada False
44%
Chile is the safest country in South America True
44%
Chile does and is one of the few countries on Earth that has an officially funded and recognized UFO research bureau True
33%
No matching quizzes found
Score Distribution
Percent of People with Each Score
Percentile by Number Answered
Your Score History
You have not taken this quiz